000 00685nam a2200289Ia 4500
005 20260324121909.0
008 008 260324s9999 xx 000 0 eng d
020 _a9780429472220
037 _aEBOOK
040 _aCRL
040 _beng
040 _cCRL
041 _2eng
041 _aeng
084 _qCRL
100 _aIan Miller
_91140291
245 0 _aBeckett and Bion
245 4 _bThe (Im)Patient Voice in Psychotherapy and Literature
260 _bTaylor and Francis
260 _c2013
365 _a
365 _b220
856 _uhttp://www.taylorfrancis.com/books/9780429472220
942 _cEBOOK
999 _c1756689
_d1756689